[Event "Fast Game!"]
[Site "http://www.queenalice.com/game.php?id=727500"]
[Date "2010.2.7"]
[Round "-"]
[White "RN"]
[Black "rrrrr76"]
[Result "0-1"]
[WhiteElo "1100"]
[BlackElo "1500"]

1. e4 e5 2. d4 exd4 3. Qxd4 Nc6 4. Qe3 Nf6 5. e5 Ng4 6. Qe4 h5 7. h3 Ngxe5 8.
Bb5 Qe7 9. Be3 Qb4+ 10. Qxb4 Nxb4 11. Ba4 b5 12. a3 Nbd3+ 13. cxd3 bxa4 14. Kd2
Rb8 15. Bd4 Nc6 16. b4 Nxd4 17. Kc3 Nb5+ 18. Kd2 Bb7 19. f3 g6 20. Nc3 Bg7 21.
Re1+ Kd8 22. Nxb5 Bxf3 23. Nxc7 Bxg2 24. Rh2 Bc6 25. Na6 Rb6 26. Nc5 Bb2 27. Rf2
Bxa3 28. Re5 Bxb4+ 29. Kc2 d6 30. Rd5 Bxd5 0-1

[Event "game Robert n5"]
[Site "http://www.queenalice.com/game.php?id=728726"]
[Date "2010.2.9"]
[Round "-"]
[White "rrrrr76"]
[Black "MCMXI"]
[Result "1-0"]
[WhiteElo "2027"]
[BlackElo "2053"]

1. e4 c5 2. Na3 g6 3. Nf3 Bg7 4. c3 a6 5. d4 cxd4 6. cxd4 d5 7. e5 Nc6 8. Be2 f6
9. exf6 Nxf6 10. Qb3 O-O 11. Be3 Ng4 12. Rc1 Qd6 13. Nc2 Nxe3 14. fxe3 Bf5 15.
O-O Rac8 16. Nh4 Na5 17. Qa4 Bxc2 18. Rxf8+ Bxf8 19. Qxa5 Bh6 20. Qd2 Qe6 21.
Kf2 Rf8+ 22. Nf3 Be4 23. a4 Qd7 24. Ra1 Qc7 25. Ke1 e6 26. Rc1 Qd6 27. Qc3 Bxf3
28. gxf3 Qxh2 29. Kd2 Qd6 30. f4 Re8 31. b4 Ra8 32. b5 axb5 33. Bxb5 Bf8 34. Ke2
Be7 35. Qc7 Rb8 36. Bd7 Kf7 37. Bc8 h6 38. Kf3 Qxc7 39. Rxc7 Ra8 40. Bd7 Ra7 41.
Bc6 Ra6 42. Bd7 Rb6 43. a5 Rb1 44. a6 bxa6 45. Rc6 a5 46. Bxe6+ Kg7 47. Bxd5 a4
48. Rxg6+ Kxg6 49. Be4+ Kf6 50. Bxb1 a3 51. e4 Kg7 52. e5 h5 53. f5 Bb4 54. f6+
Kf7 55. d5 Bc3 56. Kf4 h4 57. d6 Ke8 58. Ba2 Bb4 59. Kg4 h3 60. Kxh3 Bc5 61. Kg4
1-0

[Event "game Robert n6!"]
[Site "http://www.queenalice.com/game.php?id=728727"]
[Date "2010.2.9"]
[Round "-"]
[White "MCMXI"]
[Black "rrrrr76"]
[Result "1-0"]
[WhiteElo "2036"]
[BlackElo "2062"]

1. d4 d5 2. c4 c6 3. Nf3 Nf6 4. Nc3 a6 5. a4 e6 6. Bf4 c5 7. e3 cxd4 8. exd4 Bb4
9. Bd3 dxc4 10. Bxc4 Nd5 11. Bd2 Nc6 12. O-O O-O 13. Rc1 h6 14. Re1 Nf6 15. Ne4
Be7 16. Nxf6+ Bxf6 17. Bc3 Be7 18. d5 exd5 19. Bxd5 Bf6 20. Bxf6 Qxf6 21. Qb3
Rd8 22. Rc5 Qf5 23. Qc4 Qf6 24. Bxc6 bxc6 25. Qc1 Bd7 26. Ne5 Rab8 27. Qc3 Re8
28. h3 Re6 29. b3 Be8 30. Ra5 Ra8 31. Rc1 Rd6 32. Nd3 Rd4 33. Re1 Bd7 34. Rae5
Rd5 35. Nc5 Qd6 36. b4 a5 37. bxa5 f6 38. Rxd5 cxd5 39. a6 Bf5 40. Qd4 Bg6 41.
Re6 Qd8 42. a5 Bf7 43. Rb6 Qc8 44. Qe3 1-0

[Event "SENADO"]
[Site "http://www.queenalice.com/game.php?id=731101"]
[Date "2010.2.13"]
[Round "-"]
[White "perucona"]
[Black "rrrrr76"]
[Result "0-1"]
[WhiteElo "1590"]
[BlackElo "2108"]

1. e4 e6 2. d4 d5 3. e5 c5 4. dxc5 Nc6 5. Nf3 Bxc5 6. Be3 Bxe3 7. fxe3 Qb6 8. b3
Qxe3+ 9. Qe2 Qc1+ 10. Qd1 Qb2 11. Nbd2 Nxe5 12. Qb1 Nxf3+ 13. gxf3 Qe5+ 14. Be2
Nf6 15. O-O Qxe2 16. Qd1 Qxd1 17. Raxd1 Bd7 18. c4 O-O 19. c5 e5 20. Rf2 e4 21.
fxe4 dxe4 22. Re1 e3 23. Rfe2 exd2 24. Rd1 Bg4 25. Rexd2 Bxd1 26. Rxd1 Rad8 27.
Rf1 Rd2 28. a3 Re8 29. Rf2 Ree2 30. Rxe2 Rxe2 31. b4 Ra2 32. a4 Rxa4 33. b5 Rc4
34. c6 bxc6 35. bxc6 Rxc6 36. Kf1 Rc2 37. Ke1 a5 38. Kd1 Rxh2 39. Kc1 g5 40. Kd1
g4 41. Ke1 g3 42. Kf1 a4 43. Kg1 a3 44. Kf1 a2 45. Kg1 a1=Q# 0-1

[Event "JOGUEI ERRADO PORRA! II"]
[Site "http://www.queenalice.com/game.php?id=731494"]
[Date "2010.2.13"]
[Round "-"]
[White "perucona"]
[Black "rrrrr76"]
[Result "0-1"]
[WhiteElo "1575"]
[BlackElo "2060"]

1. e4 e6 2. d4 d5 3. e5 c5 4. dxc5 Nc6 5. Nf3 Bxc5 6. Be3 Bxe3 7. fxe3 Qb6 8. b3
Qxe3+ 9. Qe2 Qc1+ 10. Qd1 Qb2 11. Nbd2 Nxe5 12. Rb1 Qc3 13. Bb5+ Bd7 14. O-O
Bxb5 15. Re1 Nxf3+ 16. Nxf3 Ne7 17. a4 Ba6 18. Qd2 Qxd2 19. Nxd2 Rc8 20. b4 b5
21. axb5 Bxb5 22. Re3 Rxc2 23. Nb3 Nf5 24. Ree1 O-O 25. Rec1 Rfc8 26. Re1 Nh4
27. g3 Nf3+ 28. Kh1 Nxe1 29. Rxe1 Re2 30. Rg1 Rcc2 31. Nd4 Rxh2# 0-1

[Event "Challenge"]
[Site "http://www.queenalice.com/game.php?id=733412"]
[Date "2010.2.17"]
[Round "-"]
[White "mouderjr"]
[Black "rrrrr76"]
[Result "0-1"]
[WhiteElo "1377"]
[BlackElo "1500"]

1. c4 e5 2. e3 Nf6 3. d4 exd4 4. exd4 d5 5. Nf3 Bb4+ 6. Nc3 O-O 7. a3 Re8+ 8.
Be2 Bxc3+ 9. bxc3 dxc4 10. O-O b5 11. a4 c6 12. axb5 cxb5 13. Re1 Bb7 14. Bg5
Nbd7 15. Ra2 a6 16. Bxf6 Nxf6 17. Nh4 Ne4 18. Rb2 Qxh4 19. g3 Qf6 20. Rf1 Nxc3
0-1

[Event "Let's Play Chess!"]
[Site "http://www.queenalice.com/game.php?id=735683"]
[Date "2010.2.21"]
[Round "-"]
[White "vitte10"]
[Black "rrrrr76"]
[Result "0-1"]
[WhiteElo "1926"]
[BlackElo "1592"]

1. d4 Nf6 2. c4 g6 3. Nc3 Bg7 4. e4 d6 5. Be2 O-O 6. Bg5 Na6 7. Qd2 e5 8. d5 c6
9. Bd1 cxd5 10. cxd5 Bd7 11. a4 Qb6 12. Nge2 Nc5 13. Be3 Nfxe4 14. Nxe4 Nxe4 15.
Bxb6 Nxd2 16. Bxa7 Nf3+ 17. Kf1 Rxa7 18. gxf3 Rfa8 19. b3 Ra5 20. Rc1 Rxd5 21.
Nc3 Rc5 22. Be2 Rac8 23. Nd5 Rxc1+ 24. Kg2 Rxh1 25. Kxh1 Kf8 0-1

[Event "Silver"]
[Site "http://www.queenalice.com/game.php?id=738846"]
[Date "2010.2.28"]
[Round "-"]
[White "Cronos"]
[Black "rrrrr76"]
[Result "0-1"]
[WhiteElo "1856"]
[BlackElo "1814"]

1. e4 e6 2. c4 d5 3. exd5 exd5 4. Qe2+ Be7 5. Qd3 d4 6. Nf3 Nc6 7. b3 Nb4 8. Qe2
Nc2+ 9. Kd1 Nxa1 10. Qd3 Nh6 11. h3 Bf5 12. Qxd4 Qxd4 13. Nxd4 Bxb1 14. Bb2
O-O-O 15. Bxa1 Bf6 16. Kc1 Bxa2 17. Nc2 Bxb3 18. Bxf6 gxf6 19. d3 Bxc2 20. Kxc2
Nf5 21. g4 Nd4+ 22. Kc3 c5 23. Bg2 Rhe8 0-1

[Event "Let's Play Chess!"]
[Site "http://www.queenalice.com/game.php?id=740177"]
[Date "2010.3.3"]
[Round "-"]
[White "agargent"]
[Black "rrrrr76"]
[Result "0-1"]
[WhiteElo "1923"]
[BlackElo "1971"]

1. e4 e6 2. d4 d5 3. Nc3 Bb4 4. e5 Qd7 5. a3 Bxc3+ 6. bxc3 b6 7. Qg4 f5 8. Qg3
Ba6 9. Bxa6 Nxa6 10. Ne2 Nb8 11. Nf4 Nc6 12. a4 O-O-O 13. O-O Na5 14. Be3 Nh6
15. Rfb1 Rdg8 16. f3 g5 17. Qe1 gxf4 18. Bxf4 Rg6 19. Qe2 Nc4 20. a5 b5 21. a6
Rhg8 22. g3 Nf7 23. Qd1 h5 24. Kf2 h4 25. Rb3 hxg3+ 26. hxg3 Rh8 27. Kg2 Ng5 28.
Qb1 Rh2+ 29. Kxh2 Qh7+ 30. Kg2 Qh3+ 31. Kf2 Qh2+ 32. Ke1 Nxf3+ 0-1

[Event "Let's Play Chess!"]
[Site "http://www.queenalice.com/game.php?id=740869"]
[Date "2010.3.4"]
[Round "-"]
[White "philler"]
[Black "rrrrr76"]
[Result "0-1"]
[WhiteElo "2141"]
[BlackElo "2010"]

1. e4 e6 2. d4 d5 3. e5 c5 4. c3 Nc6 5. Nf3 Bd7 6. Be2 Nge7 7. Na3 cxd4 8. cxd4
Nf5 9. Nc2 Qb6 10. O-O a5 11. a4 Rc8 12. Rb1 Be7 13. h3 O-O 14. b3 Nb4 15. Nxb4
Bxb4 16. Bb2 Bc3 17. Ba3 Nxd4 18. Bxf8 Nxf3+ 19. Bxf3 Rxf8 20. Qe2 Qc7 21. Rbc1
Qxe5 22. Qxe5 Bxe5 23. Rcd1 Bc6 24. Rfe1 Bd6 25. Be2 Bb4 26. Rf1 e5 27. Bb5 Bxb5
28. axb5 d4 29. f4 e4 30. Kh1 Rd8 31. f5 e3 0-1

[Event "Let's Play Chess!"]
[Site "http://www.queenalice.com/game.php?id=740870"]
[Date "2010.3.5"]
[Round "-"]
[White "technicaldraw"]
[Black "rrrrr76"]
[Result "0-1"]
[WhiteElo "2070"]
[BlackElo "1887"]

1. e4 e6 2. d4 d5 3. Nc3 Nf6 4. Bg5 dxe4 5. Nxe4 Be7 6. Bxf6 gxf6 7. Nf3 a6 8.
Bd3 f5 9. Ng3 c5 10. O-O h5 11. dxc5 Nc6 12. Re1 h4 13. Nf1 h3 14. Ng3 hxg2 15.
Qe2 Qd5 16. Rad1 Qxc5 17. a3 f4 18. Ne4 Qh5 0-1

[Event "Let's Play Chess!"]
[Site "http://www.queenalice.com/game.php?id=761572"]
[Date "2010.4.15"]
[Round "-"]
[White "chessman"]
[Black "rrrrr76"]
[Result "0-1"]
[WhiteElo "2063"]
[BlackElo "2060"]

1. e4 e6 2. d4 d5 3. Nc3 Bb4 4. exd5 exd5 5. Nf3 Ne7 6. Bd3 Nbc6 7. h3 Be6 8.
O-O Qd7 9. Ng5 Nxd4 10. Nxe6 Nxe6 11. Ne2 O-O 12. Ng3 Bd6 13. Qh5 g6 14. Qh4 Nc6
15. Nh5 gxh5 16. Qxh5 f6 17. Bf5 Qf7 18. Qg4+ Ng7 19. f4 Kh8 0-1

[Event "Let's Play Chess!"]
[Site "http://www.queenalice.com/game.php?id=762566"]
[Date "2010.4.17"]
[Round "-"]
[White "OpendemO"]
[Black "rrrrr76"]
[Result "0-1"]
[WhiteElo "2068"]
[BlackElo "2085"]

1. e4 e6 2. d4 d5 3. Nd2 c5 4. exd5 exd5 5. Bb5+ Nc6 6. Qe2+ Be7 7. Ngf3 Nf6 8.
O-O O-O 9. Bxc6 bxc6 10. dxc5 Bxc5 11. Nb3 Re8 0-1

[Event "Let's Play Chess!"]
[Site "http://www.queenalice.com/game.php?id=766523"]
[Date "2010.4.26"]
[Round "-"]
[White "highlander7"]
[Black "rrrrr76"]
[Result "1-0"]
[WhiteElo "2216"]
[BlackElo "2108"]

1. e4 e5 2. Nf3 d6 3. d4 Nd7 4. Bc4 c6 5. O-O Be7 6. dxe5 dxe5 7. Ng5 Bxg5 8.
Qh5 Qe7 9. Qxg5 Ngf6 10. b3 O-O 11. Ba3 c5 12. Nc3 a6 13. f4 b5 14. Nd5 Nxd5 15.
Bxd5 Qxg5 16. fxg5 Rb8 17. Rad1 Bb7 18. Bb2 c4 19. Ba3 Bxd5 20. Bxf8 Bxe4 21.
Rxd7 Rxf8 22. bxc4 bxc4 23. Re1 Bxc2 24. Rxe5 Bd3 25. Kf2 f6 26. Ree7 fxg5+ 27.
Ke3 Kh8 28. Rxg7 1-0

[Event "Challenge"]
[Site "http://www.queenalice.com/game.php?id=775332"]
[Date "2010.5.14"]
[Round "-"]
[White "rrrrr76"]
[Black "KLEOJ"]
[Result "1-0"]
[WhiteElo "2092"]
[BlackElo "2074"]

1. d4 d5 2. c4 Nc6 3. Nf3 Bg4 4. Nc3 e6 5. Bg5 f6 6. cxd5 exd5 7. Bf4 Bb4 8. e3
Nge7 9. h3 Bh5 10. Be2 O-O 11. O-O a6 12. Qb3 Bxc3 13. Qxc3 Rc8 14. Rac1 Qd7 15.
Rfe1 g5 16. Bg3 g4 17. Nd2 Nf5 18. Bf4 Qg7 19. hxg4 Bxg4 20. Bxa6 Bh3 21. Bf1
Nh4 22. Bg3 Nxg2 23. Bxg2 Be6 24. Qb3 Ne7 25. Qxb7 Nf5 26. Bxd5 Nxg3 27. Bxe6+
Kh8 28. fxg3 Qxg3+ 29. Qg2 Qd6 30. Bxc8 Rg8 31. Bg4 f5 32. Nc4 Qh6 33. Ne5 1-0

[Event "Challenge"]
[Site "http://www.queenalice.com/game.php?id=780723"]
[Date "2010.5.25"]
[Round "-"]
[White "rrrrr76"]
[Black "Ludus"]
[Result "1-0"]
[WhiteElo "2111"]
[BlackElo "2190"]

1. d4 Nf6 2. c4 e6 3. g3 d5 4. Nf3 c5 5. cxd5 exd5 6. Bg2 Nc6 7. O-O Be7 8. Nc3
O-O 9. Bg5 h6 10. Bxf6 Bxf6 11. dxc5 Bxc3 12. bxc3 Be6 13. Nd4 Qa5 14. Nxe6 fxe6
15. c4 dxc4 16. Bxc6 bxc6 17. Qd4 Qa4 18. Rfc1 Rfd8 19. Qe4 Kf7 20. Rxc4 Qa6 21.
Rb1 Rab8 22. Rxb8 Rxb8 23. Rd4 Qb7 24. Kg2 Qe7 25. Qf4+ 1-0

[Event "Challenge"]
[Site "http://www.queenalice.com/game.php?id=795225"]
[Date "2010.6.26"]
[Round "-"]
[White "eddval"]
[Black "rrrrr76"]
[Result "0-1"]
[WhiteElo "2079"]
[BlackElo "2134"]

1. e4 e6 2. d4 d5 3. Nd2 c5 4. exd5 Qxd5 5. Ngf3 cxd4 6. Bc4 Qd6 7. Qe2 Nf6 8.
O-O Be7 9. Nb3 Nc6 10. Rd1 e5 11. h3 a6 12. a4 O-O 13. c3 Be6 14. cxd4 Bxc4 15.
Qxc4 Rac8 16. Qe2 e4 17. Ne1 Qd5 18. Nc5 Nxd4 19. Qe3 Bxc5 20. b4 Nb3 21. bxc5
Qxd1 0-1

[Event "Let's Play Chess!"]
[Site "http://www.queenalice.com/game.php?id=825643"]
[Date "2010.8.31"]
[Round "-"]
[White "plonius"]
[Black "rrrrr76"]
[Result "1/2-1/2"]
[WhiteElo "2409"]
[BlackElo "2150"]

1. e4 c5 2. Nf3 d6 3. d4 cxd4 4. Nxd4 Nf6 5. Nc3 g6 6. Be3 Bg7 7. f3 Nc6 8. Qd2
O-O 9. O-O-O d5 10. exd5 Nxd5 11. Nxc6 bxc6 12. Nxd5 cxd5 13. Qxd5 Qc7 14. Qxa8
Bf5 15. Qxf8+ Kxf8 16. Rd2 h5 17. Be2 Qb8 18. b3 Kg8 19. Rd5 Qb4 20. Bd3 e6 21.
Rd8+ Kh7 22. Rd7 Bxd3 23. Rxd3 Qa3+ 24. Kd2 Qxa2 1/2-1/2

[Event "Let's Play Chess!"]
[Site "http://www.queenalice.com/game.php?id=828974"]
[Date "2010.9.7"]
[Round "-"]
[White "Brandon"]
[Black "rrrrr76"]
[Result "1-0"]
[WhiteElo "2580"]
[BlackElo "2161"]

1. e4 c5 2. Nf3 d6 3. d4 cxd4 4. Nxd4 Nf6 5. Nc3 g6 6. Be3 Bg7 7. f3 O-O 8. Qd2
Nc6 9. Bc4 Bd7 10. O-O-O Rc8 11. Bb3 Ne5 12. h4 h5 13. Bg5 Rc5 14. f4 Nc4 15.
Qd3 b5 16. e5 Ng4 17. exd6 Nxd6 18. Qxg6 Nc4 19. Qe4 Nf2 20. Qxe7 Rxg5 21. Qxd8
Rxd8 22. hxg5 Nxh1 23. Nc6 Bxc6 24. Rxd8+ Bf8 25. a4 a6 26. Bxc4 bxc4 27. Nd5
Bxd5 28. Rxd5 Ng3 29. Kd2 Ne4+ 30. Ke3 Nc5 31. a5 Nb7 32. f5 Bb4 33. Kd4 c3 34.
b3 1-0